Propuestas alternativas

Đã lưu trong:
Chi tiết về thư mục
Định dạng: Texto
Những chủ đề:
Các nhãn: Thêm thẻ
Không có thẻ, Là người đầu tiên thẻ bản ghi này!

MARC

LEADER 00000 a a2200000 04500
001 4975
003
040
245 |a Propuestas alternativas 
650 |a DERECHOS HUMANOS  
650 |a SEGURIDAD  
650 |a SEGURIDAD SOCIAL  
650 |a BIENESTAR SOCIAL  
650 |a BENEFICIO SOCIAL  
650 |a POLICIA  
650 |a SEMINARIOS  
650 |a ESTADO  
650 |a INTERVENCION DEL ESTADO  
650 |a REFORMA POLITICA  
650 |a REFORMA SOCIAL  
650 |a POLITICA SOCIAL  
650 |a LEGISLACION SOCIAL  
650 |a DERECHO  
650 |a ASPECTOS JURIDICOS  
650 |a LEGISLACION SOCIAL  
773 |g número 36; páginas 18-22  
999 |c 27623  |d 27623